000 00494pab a2200181 454500
008 180718b2013 xxu||||| |||| 00| 0 eng d
100 _aBansal, S.P.
245 _aMeasuring expectations and experiences of tourist: a study a adventure tourists in Himachal Pradesh
260 _c2013
300 _ap.329-337.
362 _aJan-Mar
650 _aTourism
700 _aThakur, Arun Singh
700 _aGautam, Prashant Kumar
773 _aProductivity
908 _aN
909 _a100683
999 _c100682
_d100682